000 00760nam a2200217Ia 4500
005 20220716094644.0
008 210716s2018 xx 000 0 und d
020 _a9789386873538
040 _cAIMIT LIBRARY
041 _aeng
082 _a005.7681
_21
_bALAS
100 _aAlapati, Sam R.
_950264
245 _aExpert hadoop administration :
_bmanaging tuning and securing spark YARN and HDFS /
_cBy Sam R Alapati.
250 _a1st ed.
260 _aNew Delhi :
_bPearson Education ,
_c2018.
300 _axxxvi, 799p. ;
_c23 cm.
650 _aAn introduction to the architecture of hadoop
_950265
650 _aPlanning for and creating a fully distributed cluster
_950266
650 _aSecuring Hadoop
_950267
942 _2ddc
_cBK
_e1st
_k005.7681 ALAS
999 _c196368
_d196368